Top 20 most popular sports to watch in the USA - Statistics

General Stats
  • This quiz has been taken 546 times
  • The average score is 11 of 20
Answer Stats
Hint Answer % Correct
1 American Football
99%
2 Basketball
98%
3 Baseball
97%
5 Soccer
95%
4 Ice Hockey
89%
7 Tennis
81%
8 Golf
69%
11 Swimming
66%
12 Track and Field
55%
10 Volleyball
53%
6 Boxing
47%
17 Wrestling
47%
14 Lacrosse
44%
9 NASCAR
44%
18 Gymnastics
34%
15 Skiing
30%
20 Softball
28%
19 Badminton
22%
13 Mixed Martial Arts
19%
16 Snowboarding
16%
No matching quizzes found
Score Distribution
Percent of People with Each Score
Percentile by Number Answered
Your Score History
You have not taken this quiz